| 000 | 01149nam0a2200337 i 4500 | ||
|---|---|---|---|
| 001 | RU\NLR\bibl\1909837 | ||
| 005 | 20240725224956.0 | ||
| 010 |
_a9785699555994 _95000 |
||
| 021 |
_aRU _b2012-23550 _9237д/12 |
||
| 035 | _a(nilc)RSL-KNO-005438815 | ||
| 035 | _a(NLR Aleph) 001899384 | ||
| 090 |
_a3027769 _c3027769 |
||
| 100 | _a20120409d2012 u y0rusy50 ca | ||
| 101 | 1 |
_arus _ceng |
|
| 102 | _aRU | ||
| 105 | _aa ||||||||| | ||
| 200 | 1 |
_aВедьма Пачкуля и конкурс "Колдовидение" _e[для среднего школьного возраста] _fКай Умански _g[пер. с англ. Е. Микериной] |
|
| 210 |
_aМосква _cЭксмо _d2012 |
||
| 215 |
_a186, [1] с. _cил. _d22 |
||
| 225 | 1 | _aПриключения ведьмы Пачкули | |
| 686 |
_aШ9(2)6=Р72-2 _2rubbk |
||
| 686 | _aШ9(7США)62-4 | ||
| 700 | 1 |
_aУмански _bК. _gКай _4070 |
|
| 801 | 0 |
_aRU _bRuMoRKP _c20120409 _grcr |
|
| 801 | 1 |
_aRU _bРГБ _c20120409 |
|
| 801 | 2 |
_aRU _bNLR _c20120601 _grcr |
|
| 830 | _aпо кн | ||
| 942 | _cBOOK | ||
| 980 | _aNBR | ||